Statistiques concernant top 15 viewers avec le plus de msg

Cliquez ici pour prendre le quiz!

Statistiques générales

  • Ce quiz a été pris 5 fois
  • Le résultat moyen est 5 sur 15

Statistiques - réponses

HintRéponse% Correct
205997 Msgdelpierro
100%
393392 Msgruki
100%
140399 Msggalok
75%
140819 Msgcrasy_imperior
50%
171559 Msgleo3801
50%
220798 Msgmangemortsquad
50%
141003 Msgdeizay
25%
205997 Msgjlkirogon
25%
141511 Msgtchetchene
25%
212786 Msgvolaillevolante
25%
188463 Msgdelta
0%
191416 Msgjl_yass
0%
144767 Msgpowa_carbon
0%
192261 Msgrvyvn_l
0%
155228 Msgswiterzz_
0%

Distribution des résultats

Percentile par nombre de réponses

% des personnes avec chaque résultat

Votre développement - résultats

Vous n’avez pas pris ce quiz